Kadrowicze Jerzego Engela - Statystyki

Ogólne statystyki
  • Ten quiz został rozwiązany 48 razy
  • Średni wynik to 37 z 62
Statystyki odpowiedzi
Mecze Pozycja Piłkarz % Poprawnych
21 Bramkarz Jerzy Dudek
100%
19 Napastnik Emmanuel Olisadebe
94%
12 Pomocnik Arkadiusz Bąk
91%
13 Obrońca Jacek Bąk
91%
25 Napastnik Paweł Kryszałowicz
91%
6 Bramkarz Radosław Majdan
91%
18 Obrońca Tomasz Hajto
91%
24 Pomocnik Jacek Krzynówek
88%
9 Napastnik Maciej Żurawski
88%
18 Napastnik Marcin Żewłakow
88%
25 Obrońca Michał Żewłakow
88%
19 Obrońca Tomasz Wałdoch
88%
6 Bramkarz Adam Matysek
85%
5 Napastnik Andrzej Juskowiak
85%
3 Obrońca Arkadiusz Głowacki
85%
18 Pomocnik Radosław Kałużny
85%
1 Obrońca Tomasz Kos
82%
16 Pomocnik Bartosz Karwan
79%
23 Pomocnik Piotr Świerczewski
79%
2 Napastnik Tomasz Frankowski
79%
24 Obrońca Tomasz Kłos
79%
17 Obrońca Jacek Zieliński
76%
21 Pomocnik Marek Koźmiński
76%
1 Pomocnik Mariusz Lewandowski
73%
2 Pomocnik Cezary Kucharski
70%
1 Napastnik Euzebiusz Smolarek
70%
1 Obrońca Marcin Baszczyński
70%
15 Pomocnik Tomasz Iwan
70%
1 Napastnik Artur Wichniarek
67%
4 Pomocnik Maciej Murawski
67%
1 Bramkarz Wojciech Kowalewski
67%
1 Obrońca Bartosz Bosacki
64%
3 Pomocnik Kamil Kosowski
64%
9 Obrońca Tomasz Rząsa
64%
1 Napastnik Grzegorz Rasiak
61%
10 Pomocnik Tomasz Zdebel
61%
2 Napastnik Marcin Mięciel
58%
3 Pomocnik Paweł Sibik
55%
2 Napastnik Piotr Reiss
52%
6 Pomocnik Mariusz Kukiełka
48%
2 Bramkarz Jakub Wierzchowski
42%
2 Napastnik Krzysztof Bizacki
42%
5 Obrońca Tomasz Kiełbowicz
42%
1 Napastnik Igor Sypniewski
39%
5 Obrońca Paweł Kaczorowski
39%
2 Pomocnik Radosław Michalski
39%
2 Obrońca Marek Zając
36%
7 Napastnik Radosław Gilewicz
36%
1 Pomocnik Sławomir Majak
36%
1 Napastnik Tomasz Dawidowski
36%
1 Pomocnik Ryszard Czerwiec
33%
1 Bramkarz Andrzej Bledzewski
30%
1 Obrońca Arkadiusz Kaliszan
30%
1 Pomocnik Grzegorz Pater
30%
1 Napastnik Tomasz Moskała
30%
1 Obrońca Maciej Stolarczyk
27%
1 Pomocnik Tomasz Wieszczycki
24%
1 Pomocnik Mariusz Piekarski
21%
1 Napastnik Olgierd Moskalewicz
18%
1 Pomocnik Paweł Drumlak
15%
1 Obrońca Tomasz Ciesielski
15%
1 Obrońca Mariusz Pawlak
12%
Nie znaleziono quizów pasujących do podanych kryteriów
Rozkład punktacji
Procent ludzi z każdym wynikiem
Percentyl według liczby udzielonych odpowiedzi
Twoja historia wyników
Nie rozwiązałeś tego quizu